000 00360 a2200157 4500
001 184328
020 _a85-305-0216-7
040 _cMagnum
100 _aGuedes, Avelino
240 1 0 _aO mistério de mister flowers
_lpor
245 1 0 _aO mistério de mister flowers
300 _a78
362 0 _a1999
697 _aLITERATURA INFANTO-JUVENIL
942 _cBK
999 _c184328
_d184328